| 000 | 00876nam a2200241Ia 4500 | ||
|---|---|---|---|
| 005 | 20220211102040.0 | ||
| 008 | 210716s2003 xx 000 0 und d | ||
| 020 | _a0070486948 | ||
| 040 | _cAIMIT LIBRARY | ||
| 041 | _aeng | ||
| 082 |
_a651.7 _29 _bLESR |
||
| 100 |
_aLesikar, Raymond V. _919092 |
||
| 245 |
_aBasic business communication : _bskills for empowering the internet generation / _cBy Raymond V. Lesikar and Marie E. Flatley. |
||
| 250 | _a9th ed. | ||
| 260 |
_aNew Delhi : _bTata McGraw Hill Publishing Company Ltd , _c2002. |
||
| 300 |
_axxv, 592p. ; _c27.7 cm. |
||
| 650 |
_aBusiness Communication _919093 |
||
| 650 |
_aFundamentals of Business Writing _919094 |
||
| 650 |
_aForms of Business Communication _919095 |
||
| 650 |
_aSpecials Topics in Business Communication _919096 |
||
| 700 |
_aFlatley, Marie E. _919097 |
||
| 942 |
_2ddc _cBK _e9th _k651.7 LESR |
||
| 999 |
_c197769 _d197769 |
||